00755 2200253 4500001002100000005001700021008004100038020001800079035002400097082001000121090002200131100001600153245013300169250001100302260003200313300001900345500004900364650001600413700001400429850001600443980001400459985000600473999002200479YOGYA-0209000006858420090227092251.0 ind  a979-222-215-4 0010-020900000068584 a155.2 a155.2bNew GlDEP aNEWTON, Roy aGreat personality plusbpanduan menjadi pribadi yang menarik, disukai, dasyat dan luar biasacRoy Newton ; penerjemah, Dariyatno aCet. 1 aYogyakartabMed Pressc2007 a352 hlmc17 cm aJudul asli : How to improve your personality aKepribadian aDariyatno aYOPDYOG (M) a19-2-2008 a1 aCB-D.11 2007-753h